Familles dans le rugby professionnel. - Statistiques

Statistiques générales
  • Ce quiz a été pris 13 fois
  • Le résultat moyen est 18 sur 28
Statistiques - réponses
Hint Réponse % Correct
Flag_of_France.svg Famille {Ntamack}
100%
Flag_of_Samoa.svg Flag_of_England.svg Flag_of_France.svg Famille {Tuilagi}
90%
Flag_of_New_Zealand.svg Famille {Barrett}
90%
Flag_of_France.svg Famille {Penaud}
90%
a0c57f0ba5-450.webp Émile
80%
Flag_of_England.svg Famille {Farrell}
80%
8ef0e8a387-450.webp Romain
80%
f0081ce052-450.webp Théo
80%
7408a93b0e-450.webp Beauden
70%
69a9158be4-450.webp Damian
70%
Flag_of_New_Zealand.svg Famille {Savea}
70%
Flag_of_England.svg Famille {Vunipola}
70%
b86f7a65f1-450.webp Owen
70%
bde62f36ff-450.webp Posolo
70%
3b14e23034-450.webp Billy
60%
Jordie
60%
bb972c7a67-450.webp Mako
60%
cc0fd36856-450.webp Manu
60%
Scott
60%
f05a75328f-450.webp Alain
50%
2cfe517be4-450.webp Ardie
50%
Flag_of_England.svg Famille {Armitage}
50%
3035a52318-450.webp Julian
50%
524db75af5-450.webp Steffon
50%
393c08dd99-450.webp Delon
40%
317490471a-450.webp Henry
40%
8362755500-450.webp Alesana
20%
d6b3d545c2-450.webp Andy
20%
Aucun quiz correspondant
Distribution des résultats
% des personnes avec chaque résultat
Percentile par nombre de réponses
Votre historique - résultats
Vous n’avez pas pris ce quiz